कर्मभूमि / (Record no. 117644)
[ view plain ]
| 000 -LEADER | |
|---|---|
| fixed length control field | 00988nam a22002537a 4500 |
| 005 - DATE AND TIME OF LATEST TRANSACTION | |
| control field | 20170124103059.0 |
| 010 ## - LIBRARY OF CONGRESS CONTROL NUMBER | |
| LC control number | B-079209 |
| 020 ## - INTERNATIONAL STANDARD BOOK NUMBER | |
| Terms of availability | 00.00 |
| International Standard Book Number | 8186311807 |
| 035 ## - SYSTEM CONTROL NUMBER | |
| System control number | B-079209 |
| 037 ## - SOURCE OF ACQUISITION | |
| Source of stock number/acquisition | Cen Lib/Ret |
| 040 ## - CATALOGING SOURCE | |
| Original cataloging agency | DPL |
| Language of cataloging | HN |
| 082 ## - DEWEY DECIMAL CLASSIFICATION NUMBER | |
| Classification number | उ |
| Item number | प्रेमचं |
| 100 ## - MAIN ENTRY--PERSONAL NAME | |
| Personal name | प्रेमचंद |
| 9 (RLIN) | 76010 |
| 245 ## - TITLE STATEMENT | |
| Title | कर्मभूमि / |
| Statement of responsibility, etc | प्रेमचंद |
| 246 ## - VARYING FORM OF TITLE | |
| Title proper/short title | Karam bhoomi / |
| Remainder of title | by Premchand |
| 260 ## - PUBLICATION, DISTRIBUTION, ETC. (IMPRINT) | |
| Place of publication, distribution, etc | नयी दिल्ली |
| Name of publisher, distributor, etc | प्रकाशन संस्थान |
| Date of publication, distribution, etc | 2002 |
| 270 ## - ADDRESS | |
| City | नयी दिल्ली |
| Address | 4715/21, दयानंद मार्ग, दरियागंज |
| Postal code | 110002 |
| 300 ## - PHYSICAL DESCRIPTION | |
| Extent | 258पृ. |
| Dimensions | 21सेमी (सजिल्द) |
| 650 ## - SUBJECT ADDED ENTRY--TOPICAL TERM | |
| Topical term or geographic name as entry element | साहित्य--उपन्यास |
| 9 (RLIN) | 76011 |
| 650 ## - SUBJECT ADDED ENTRY--TOPICAL TERM | |
| Topical term or geographic name as entry element | हिन्दी उपन्यास |
| 9 (RLIN) | 76012 |
| 650 ## - SUBJECT ADDED ENTRY--TOPICAL TERM | |
| Topical term or geographic name as entry element | Literature--Fiction |
| 9 (RLIN) | 76013 |
| 650 ## - SUBJECT ADDED ENTRY--TOPICAL TERM | |
| Topical term or geographic name as entry element | Hindi novel |
| 9 (RLIN) | 76014 |
| 942 ## - ADDED ENTRY ELEMENTS (KOHA) | |
| Source of classification or shelving scheme | Dewey Decimal Classification |
| Koha item type | Hindi Books |
| Classification part | उ |
| Call number suffix | प्रेमचं |
| Withdrawn status | Lost status | Damaged status | Not for loan | Home library | Current library | Date acquired | Source of acquisition | Cost, normal purchase price | Total Checkouts | Full call number | Barcode | Date last seen | Copy number | Cost, replacement price | Price effective from | Koha item type |
|---|---|---|---|---|---|---|---|---|---|---|---|---|---|---|---|---|
| Central Library | Central Library | 07/09/2015 | Cen Lib/Ret | 0.00 | उ प्रेमचं | B-079209 | 07/09/2015 | 1 | 0.00 | 07/09/2015 | Hindi Books |
